Ballon d'or féminin - Statistiques

Statistiques générales
  • Ce quiz a été pris 99 fois
    38 depuis la dernière actualisation
  • Le résultat moyen est 6 sur 7
Statistiques - réponses
Année Joueuse % Correct
2019 Megan Rapinoe
100%
2021 Alexia Putellas
96%
2022 Alexia Putellas
96%
2023 Aitana Bonmati
92%
2024 Aitana Bonmati
92%
2025 Aitana Bonmati
92%
2018 Ada Hegerberg
79%
Aucun quiz correspondant
Distribution des résultats
% des personnes avec chaque résultat
Percentile par nombre de réponses
Votre historique - résultats
Vous n’avez pas pris ce quiz depuis la dernière actualisation